The Mahabharata of Vyasa/ (Record no. 10890)
[ view plain ]
| 000 -LEADER | |
|---|---|
| fixed length control field | 00669 a2200193 4500 |
| 010 ## - LIBRARY OF CONGRESS CONTROL NUMBER | |
| LC control number | ENG-89584 |
| 020 ## - INTERNATIONAL STANDARD BOOK NUMBER | |
| International Standard Book Number | 8181574443 |
| Terms of availability | 400.00 |
| 035 ## - SYSTEM CONTROL NUMBER | |
| System control number | EN-73117 |
| 037 ## - SOURCE OF ACQUISITION | |
| Source of stock number/acquisition | DBAD / PUB |
| 082 14 - DEWEY DECIMAL CLASSIFICATION NUMBER | |
| Classification number | 230.2 |
| 090 ## - LOCALLY ASSIGNED LC-TYPE CALL NUMBER (OCLC); LOCAL CALL NUMBER (OCLC) | |
| -- | 11196 |
| -- | 11196 |
| 245 1# - TITLE STATEMENT | |
| Title | The Mahabharata of Vyasa/ |
| Statement of responsibility, etc | condensed from Sanskrit and transcreated into English by P. Lal |
| 260 ## - PUBLICATION, DISTRIBUTION, ETC. (IMPRINT) | |
| Place of publication, distribution, etc | Calcutta |
| Name of publisher, distributor, etc | Writers Workshop |
| Date of publication, distribution, etc | 2006 |
| 270 ## - ADDRESS | |
| City | Calcutta |
| State or province | Calcutta |
| Address | Lake Garden |
| Postal code | 700045 |
| 300 ## - PHYSICAL DESCRIPTION | |
| Extent | 468p. |
| Dimensions | 21 cm ( Hb.) |
| 490 ## - SERIES STATEMENT | |
| Series statement | A Writers Workshop saffronbird book |
| 942 ## - ADDED ENTRY ELEMENTS (KOHA) | |
| Institution code [OBSOLETE] | dpl |
| Koha item type | English Books |
| Call number prefix | 230.2 / MAH |
| Withdrawn status | Lost status | Source of classification or shelving scheme | Damaged status | Not for loan | Collection code | Home library | Current library | Source of acquisition | Cost, normal purchase price | Total Checkouts | Full call number | Barcode | Date last seen | Copy number | Uniform Resource Identifier | Cost, replacement price | Price effective from | Koha item type |
|---|---|---|---|---|---|---|---|---|---|---|---|---|---|---|---|---|---|---|
| Dewey Decimal Classification | Not For Loan | Non-fiction | D.B.Act.Division | D.B.Act.Division | DBAD/PUB | 400.00 | 230.2 | EN-73117 | 15/09/2008 | 1 | 11991 | 400.00 | 15/09/2008 | English Books |
